FNAF Sister Location Quiz - Statistics

General Stats
  • This quiz has been taken 330 times
  • The average score is 10 of 14
Answer Stats
Hint Answer % Correct
The Leader Circus Baby
98%
Fun Fun Fun! Funtime Freddy
97%
Dancer Ballora
96%
More Fun! Funtime Foxy
96%
The mess Ennard
90%
Sneaky! Bon Bon
84%
LOL Lolbit
79%
Pink and Sneaky! Bonnet
74%
Ennard Rip off Yenndo
67%
Skinny and creepy Minireenas
58%
Girl Elizabeth
55%
The Fat kids Bidybabs
52%
Your friend! Hand-Unit
38%
Buzz Electrobabs
29%
No matching quizzes found
Score Distribution
Percent of People with Each Score
Percentile by Number Answered
Your Score History
You have not taken this quiz